000 00276nam a22001217a 4500
003 OSt
005 20250702152733.0
008 250702b |||||||| |||| 00| 0 eng d
040 _aDLC
_beng
_cDLC
082 _a261.8
_bEZR
245 _aTroubled but not Destroyed
942 _2ddc
_cBK
999 _c4114
_d4114